LEADER 01294nam a2200313 i 4500 001 991004066249707536 008 081201s2008 it a 000 0 ita d 020 $a9788808066237 035 $ab1379498x-39ule_inst 040 $aDi.S.Te.B.A.$beng 082 0 $a572.8$222 245 00$aDNA ricombinante :$bgeni e genomi /$cJames D. Watson ... [et al.] 250 $a2nd italian ed. 260 $aBologna :$bZanichelli,$c2008 300 $axv, 464 p. :$bcol. ill. ;$c28 cm 500 $aOrig Tit.: Recombinant DNA : genes and genomes : a short course. - 3rth ed. - 2007 500 $aTransl. by Greta Forlani, Nicoletta Landsberger, Marco Muzi Falconi 504 $aIncludes bibliographical references and index 650 4$aRecombinant DNA 650 4$aGenomics 700 1 $aWatson, James D. 700 1 $aForlani, Greta 907 $a.b1379498x$b15-07-11$c01-12-08 912 $a991004066249707536 945 $aLE003 572.8 WAT01.02 C.1 (ed. 2008)$g1$i2003000082173$lle003$op$pE60.00$q-$rl$s- $t1$u18$v0$w18$x0$y.i14894294$z02-12-08 945 $aLE003 572.8 WAT01.02 C.2 (ed. 2008)$g2$i2003000082166$lle003$op$pE60.00$q-$rl$s- $t0$u45$v0$w45$x0$y.i14894300$z02-12-08 996 $aRecombinant DNA$955523 997 $aUNISALENTO 998 $ale003$b27-05-04$cm$da $e-$fita$git $h0$i0 LEADER 01065nam0 22003011i 450 001 UON00074008 005 20231205102402.91 010 $a18-504-3705-X 100 $a20020107d1994 |0itac50 ba 101 $aeng 102 $aGB 105 $a|||| ||||| 200 1 $aˆThe ‰assassins legends$eMyths of the Ismailis$fFarhad Daftary 210 $aLondon$cTauris$d1994 215 $aviii, 213 p.$d24 cm 606 $aASSASSINI (Ismailiti)$3UONC021393$2FI 606 $aISMAILITI$xStoria$3UONC018939$2FI 606 $aSette Islamiche$3UONC019430$2FI 620 $aGB$dLondon$3UONL003044 676 $a297.822$cISMAILITI$v21 700 1$aDAFTARY$bFarhad$3UONV042847$0659333 712 $aTauris$3UONV245873$4650 801 $aIT$bSOL$c20250606$gRICA 899 $aSIBA - SISTEMA BIBLIOTECARIO DI ATENEO$2UONSI 912 $aUON00074008 950 $aSIBA - SISTEMA BIBLIOTECARIO DI ATENEO$dSI VII B 030 $eSI AA 17088 5 030 996 $aAssassins legends$91164387 997 $aUNIOR